000 00471nam a2200205Ia 4500
003 OSt
005 20230327103029.0
008 210423s2006 xx 000 0 und d
040 _cAL
041 _aeng
082 _a658 AGRR
100 _aAGRAWAL (Raj).
_978132
245 _aBusiness environment.
250 _a2
260 _aNew Delhi
_bExcel Books
_c2006
300 _axvi,800
365 _b295
_cINR
906 _aBusiness ; environment.
942 _2ddc
_cBK
999 _c156048
_d156048